Letterboxd Reviews - Statistics

General Stats
  • This quiz has been taken 388 times
  • The average score is 9 of 15
Answer Stats
Hint Answer % Correct
“This cured my depression and brought it back full force in the span of 2 hours” “Why does the opening song have the same melody as the crab rave song” “Damien Chazelle saw the ‘gotta go my own way’ scene in High School Musical 2 and really made a whole movie out of it” “I will give Ryan and Emma each $15 if they agree to tap dance on my grave at my funeral” La La Land
82%
“How long till someone ironically makes this real” “If I lived in a town where everyone looked like a republican I’d wanna leave too” “Might be my favorite Jim Carrey movie” “Poor guy is gonna leave a world where everything revolved around him to learn about taxes” The Truman Show
80%
“The way of water” “If you don’t like this movie, odds are you won’t like me because this movie is quite literally my entire personality” “Love this old lady just having a bunch of framed photos of Kate Winslet on her nightstand” “Who’s more wrecked-me or the ship?The answer is obviously me” Titanic
80%
“Actively discourages the viewer from imagining a potential better world. An evil movie” “I hope Tom hanks knows how much I love him somehow” “Who wants to start a shrimping business with me??” “Jenny is legit more evil than every breaking bad villain combined” Forrest Gump
79%
“I cannot believe this is a real movie and not something just in my dreams” “More Cera needed” “Great movie for people who JUST realized that women deserve rights too!” “I can die peacefully now, thank you Greta Gerwig” Barbie
76%
“Why is this the most quotable movie of all time” “Clueless wishes it was this good” “Tina Fey needs to write more movies” “October 3rd is and always will be fetch” Mean Girls
72%
“Romeo and Juliet are shook” “Omg that’s so sad, Alexa play old town road” “Why is the cowboy emoji smiling 🤠? What is there to be happy about” “I’m different I would’ve let my husband be a homosexual” Brokeback Mountain
65%
“Watched on my iPad on the airplane” “Whatever the VFX team who worked on this were paid it wasn’t enough” “My cousin was genuinely frustrated and angry with me when I disregarded this as ‘Pocahontas in Space’” “Through a biotech miracle, a white guy gets to have dreads” Avatar
60%
“2008: A Trash Odyssey” “Great movie about holding hands” “Bold of Disney to finance and release a movie about a megacorporation that destroys the Earth” “The greatest trick Pixar ever pulled was convincing the world that cockroaches can be cute” Wall-E
59%
“What if I said hottest cast of all time what then” “And romcoms were never the same again” “Funny how Shakespeare’s been real quiet since Joesph Gordon-Levitt said ‘I burn, I pine, I perish” “Makes you wanna play paintball and punch a frat boy” 10 Things I Hate About You
55%
“More influential than the godfather and citizen kane” “RuPauls drag race all stars for the straights” “Not to be dramatic but the aspect ratio change as she enters the arena is the sexiest moment in all of cinema” “Calling itself the hunger games but I’ve yet to see someone eat someone” The Hunger Games: Catching Fire
50%
“This is a documentary” “I know we’ve all said the dad is hot but” “My Letterboxd island is coming” “That’s it I’m exiling joy” Inside Out
48%
“This is gonna be so lit when I can watch it at 0.75x speed with subtitles” “If the second half of this movie is as good as this half, it’s going to be a 5-star 5-hour movie” “I’m kind of over multiverses at this point but I’ll allow it if they do it this spectacularly” “Coughing baby (mcu spider-man films) vs hydrogen bomb (spider-verse films)” Spider-Man: Across the Spider-Verse
40%
“Please God I want what they have” “I asked my granny if she was paying attention and said what’s the guys name and she replied with ‘flo rida’” “All that length and no breakage??Drop the keratine treatment, girlie!!” “Why does pascal remind me of Robert Pattinson” Tangled
37%
“Gotta love movies that just absolutely abuse the power of foreshadowing” “I hate bees” “I honestly can’t imagine that there ever lived a cuter little boy than Macaulay Caulkin” “90s kids movies didn’t have to hit that hard. 🐝” My Girl
32%
No matching quizzes found
Score Distribution
Percent of People with Each Score
Percentile by Number Answered
Your Score History
You have not taken this quiz